| 000 | 01433cam a2200325 i 4500 | ||
|---|---|---|---|
| 001 | 768714001 | ||
| 003 | CO-MdFUSB | ||
| 005 | 20260116172232.0 | ||
| 007 | ta | ||
| 008 | 230614t2005 -us||||| |||| 00| | spa d | ||
| 020 | _a9781422800331 | ||
| 040 |
_bspa. _aCO-MdFUSB _cCO-MdFUSB _dCO-MdFUSBC _erda |
||
| 041 | _aspa | ||
| 082 | 0 | 4 |
_223 _a248.11 _bW286 |
| 100 | 1 |
_aWarren, Rick (1954-) _eautor |
|
| 245 | 1 | 0 |
_aLiderazgo con propósito : _blecciones de liderazgo basadas en Nehemías _c/ Rick Warren ; traducido por Andrés Carrodeaguas , Víctor Herrera |
| 264 | 1 |
_aMiami , Estados Unidos : _bVida, _c[2005] |
|
| 264 | 4 | _c© 2005 | |
| 300 |
_a262 páginas _c; 23 cm |
||
| 336 |
_atexto _btxt _2rdacontent |
||
| 337 |
_2rdamedia _asin mediación _bn |
||
| 338 |
_2rdacarrier _avolumen _bnc |
||
| 505 | _aLa hechura, la oración y los planes de un líder - Cómo motiva un líder a otros - Cómo organiza un líder un proyecto - Cómo se enfrenta un líder a los que se le oponen - Cómo resuelve un líder los conflictos - Las tentaciones del liderazgo - Los secretos de los exitosos - Cómo los líderes mantienen sus éxitos - Epílogo: Cómo Nehemías lideró al estilo de Jesús, el líder de los líderes | ||
| 563 | _aTapa dura | ||
| 650 | 7 |
_aLiderazgo cristiano _2embne _97271 |
|
| 700 |
_98328 _aCarrodeaguas, Andrés _etraductor |
||
| 700 |
_98329 _aHerrera, Víctor _etraductor |
||
| 942 | _cBK | ||
| 945 | _aJTF-925 | ||
| 999 |
_c42339 _d42339 |
||